000 00923nam a2200217 u 4500
001 000303785
003 AM-YeHGA
005 20250618071943.0
008 040127s1985 ai r 000 0 arm d
040 _aAM-YeHGA
041 1 _aarm
_hrus
100 1 _aԼիխանով, Ալբերտ Անատոլևիչ
245 1 0 _aԻմ գեներալ :
_b[Վեպ] /
_cԱ.Ա. Լիխանով; Ռուս. թարգմ.՝ Գ. Ամբարյան; Խմբ.՝ Վ.Գ. Դանիելյան; Նկ.՝ Ս.Գ. Սաֆյան.
260 _aԵրևան :
_bՍովետական գրող,
_c1985.
300 _a280 էջ ;
_c21 սմ.
505 0 _aԶառիթափ սարեր; Իմ գեներալ
650 1 4 _aՌուս գրականություն
_xՎեպ
_94829
700 1 _aԴանիելյան, Վլադիմիր Գալուստի,
_d1927-
_eխմբ.
_4edt
_92553
700 1 _aՍաֆյան, Սպարտակ Գևորգի,
_d1929-2001
_eնկ.
_4art
_94028
090 _c113281
999 _c111943
_d111943